| 000 | 02130nam0a2200385 4500 | ||
|---|---|---|---|
| 001 | RU\NLR\BIBL_A\022699071 | ||
| 005 | 20260426072343.0 | ||
| 010 |
_a978-5-88337-206-2 _9500 |
||
| 021 |
_aRU _bКН-П-25-070380 _9КН-П-25-6810 |
||
| 035 | _a(NLR Aleph) 022699071 | ||
| 090 |
_a13692726 _c13692726 |
||
| 100 | _a20260112d2025 u y0rusy50 ca | ||
| 101 | 0 |
_arus _aeng _afre _aita |
|
| 102 | _aRU | ||
| 105 | _aa j 000yy | ||
| 181 | 0 |
_ai _b xxe |
|
| 182 | 0 | _an | |
| 200 | 1 |
_aНаучный стиль речи: технический профиль _eпособие по русскому языку для иностранных студентов [технических и естественнонаучных факультетов] _e(I сертификационный уровень) _e[В1 _eаудио через QR-код] _fТ. Е. Аросева, Л. Г. Рогова, Н. Ф. Сафьянова |
|
| 203 |
_aТекст _bвизуальный _cнепосредственный |
||
| 205 | _aИзд. 10-е, стер. | ||
| 210 |
_aМосква _cРусский язык. Курсы _d2025 |
||
| 215 |
_a311 с. _cил., табл. _d21 |
||
| 300 | _aНа обороте тит. с. QR-коды для скачивания аудиоархивов | ||
| 300 | _aТексты для аудирования на 240–254-й с. с QR-кодами | ||
| 327 | 1 | _aВ прил. 7: Словарь рус.-англ.-фр.-итал. | |
| 606 | 1 |
_aРусский язык _xУчебные издания для технических специальностей _92420707 _3RU\NLR\AUTH\661441607 |
|
| 606 | 1 |
_aРусский язык _jУчебные издания для иностранцев _91533567 _3RU\NLR\AUTH\66969347 |
|
| 686 | 1 | _aШ141.12-933.287 | |
| 700 | 1 |
_aАросева _bТ. Е. _gТамара Евгеньевна |
|
| 701 | 1 |
_aРогова _bЛ. Г. _gЛюдмила Григорьевна |
|
| 701 | 1 |
_aСафьянова _bН. Ф. _gНина Фёдоровна |
|
| 942 | _cBOOK | ||
| 980 | _aNB | ||